Marketing management/ (Record no. 198747)

MARC details
000 -LEADER
fixed length control field 00596nam a22001937a 4500
005 - DATE AND TIME OF LATEST TRANSACTION
control field 20231020110927.0
010 ## - LCCN (DPL NO)
LC control number ENG-138252
020 ## - INTERNATIONAL STANDARD BOOK NUMBER
Terms of availability 175.00
International Standard Book Number 9788190889209
035 ## - SYSTEM CONTROL NUMBER
System control number EN-121784
037 ## - SOURCE OF ACQUISITION
Source of stock number/acquisition DBAD/PUB
Stock number 1
082 ## - DEWEY DECIMAL CLASSIFICATION NUMBER
Classification number 658.8
100 ## - MAIN ENTRY--PERSONAL NAME
Personal name Jampala,Rajesh C.
245 ## - TITLE STATEMENT
Title Marketing management/
Statement of responsibility, etc Rajesh C .Jampala and P. Adi Lakshmi
250 ## - EDITION STATEMENT
Edition statement First
260 ## - PUBLICATION, DISTRIBUTION, ETC. (IMPRINT)
Place of publication, distribution, etc Machilipatnam Andhra pradesh
Date of publication, distribution, etc 2009
Name of publisher, distributor, etc Duvvuri publication
270 ## - ADDRESS
City Andhra Pradesh
Address M.I.G.-143 A.P.H.B.Colony
Postal code 521001
300 ## - PHYSICAL DESCRIPTION
Extent 305p.
Dimensions 24cm(hb)
942 ## - ADDED ENTRY ELEMENTS (KOHA)
Source of classification or shelving scheme Dewey Decimal Classification
Item type English Books
Classification part 658.8
Call number suffix JAM
Holdings
Withdrawn status Lost status Not for loan Collection code Home library Current library Date acquired Source of acquisition Cost, normal purchase price Full call number Barcode Copy number Cost, replacement price Koha item type
      Non-fiction Bawana Bawana 10/10/2023 DBAD/PUB 175.00 658.8 JAM EN-121784 1 175.00 English Books

© Delhi Public Library
Hit Counter
free hit counter